Резонансное туннелирование в сверхпроводящих переходах с различной симметрией параметра порядка; Журнал экспериментальной и теоретической физики; Т. 126, вып. 5

Dades bibliogràfiques
Parent link:Журнал экспериментальной и теоретической физики=ЖЭТФ/ Российская академия наук (РАН) ; Отделение физических наук РАН.— , 1931-.— 0044-4510
Т. 126, вып. 5.— 2004.— с. 1232-1248
Autor principal: Гончаров Д. В.
Altres autors: Девяттов И. А., Куприянов М. Ю.
Idioma:rus
Publicat: 2004
Col·lecció:Твердые тела
Matèries:
Format: MixedMaterials Capítol de llibre
KOHA link:https://koha.lib.tpu.ru/cgi-bin/koha/opac-detail.pl?biblionumber=431860

MARC

LEADER 00000naa2a2200000 4500
001 431860
005 20231101075420.0
035 |a (RuTPU)RU\TPU\prd\92034 
035 |a RU\TPU\prd\34937 
090 |a 431860 
100 |a 20101202a2004 k y0rusy50 ca 
101 0 |a rus 
102 |a RU 
200 1 |a Резонансное туннелирование в сверхпроводящих переходах с различной симметрией параметра порядка  |f Д. В. Гончаров, И. А. Девяттов, М. Ю. Куприянов 
225 1 |a Твердые тела  |e Электронные свойства 
320 |a Библиогр.: 27 назв. 
461 1 |0 (RuTPU)RU\TPU\prd\1443  |x 0044-4510  |t Журнал экспериментальной и теоретической физики  |l ЖЭТФ  |f Российская академия наук (РАН) ; Отделение физических наук РАН  |d 1931- 
463 1 |0 (RuTPU)RU\TPU\prd\92016  |t Т. 126, вып. 5  |v с. 1232-1248  |d 2004 
610 1 |a резонансное туннелирование 
610 1 |a сверхпроводящие переходы 
610 1 |a электроды 
610 1 |a функции Грина 
610 1 |a симметрия параметра порядка 
610 1 |a резонансный транспорт 
700 1 |a Гончаров  |b Д. В. 
701 1 |a Девяттов  |b И. А. 
701 1 |a Куприянов  |b М. Ю. 
801 1 |a RU  |b 63413507  |c 20050414  |g PSBO 
801 2 |a RU  |b 63413507  |c 20101203  |g RCR 
942 |c BK